Open Data Biblioteca Nacional de Portugal


República Portuguesa: Ministério da Cultura
Biblioteca Nacional de Portugal

Catálogo da BNP: acesso por Identificadores Unívocos
Registos Bibliográficos associados ao registo de autoridade

Etiqueta de registo: 00230nam 2200025 450
001 1650412
003 http://id.bnportugal.gov.pt/bib/catbnp/1650412
100 ## $a20070627d2003 k y0pory0103 ba
101 0# $apor
102 ## $aPT
105 ## $ay m 000yy
106 ## $ar
200 1# $aResponsabilidade civil pela decisão jurisdicional$bTexto policopiado]$edo juiz e do árbitro$fJorge António Nunes Lopes$gorient. Jorge Sinde Monteiro
210 #9 $aCoimbra$c[s.n.],$d2003
215 ## $aVI, 399 f.$d30 cm
320 ## $aBibliografia, f. 375-399
328 #0 $bTese mestr.$cCiências Jurídico-Processuais$eFac. de Direito, Univ. de Coimbra$d2003
675 ## $a347.56(043)$vBN$zpor$31295390
675 ## $a347.95(043)$vBN$zpor$31300734
675 ## $a340.11(043)$vBN$zpor$31300747
700 #1 $aLopes,$bJorge António Nunes$31292496
702 #1 $aMonteiro,$bJorge Sinde,$f1944-$4727$3200165
712 02 $aUniversidade de Coimbra.$bFaculdade de Direito$4295$319856
801 #0 $aPT$bBN$gRPC
966 ## $lBN$mFGMON$sS.C. 108625 V.$x1

Etiqueta de registo: 00254nam 2200025 450
001 2280324
003 http://id.bnportugal.gov.pt/bib/catbnp/2280324
100 ## $a20260316d2025 k y0pory01030103ba
101 0# $apor$deng
102 ## $aPT
105 ## $ay m 000yy
106 ## $ar
200 1# $aManipulação cambial$e o fundo monetário internacional e a organização mundial do comércio$fJorge António Nunes Lopes$gorient. Luís Pedro Chaves Rodrigues da Cunha
210 #9 $aCoimbra$c[s.n.],$d2025
215 ## $a2 v.$d30 cm
328 #1 $aTese dout. Direito, Ciências Jurídico-Económicas, Faculdade de Direito, Universidade de Coimbra, 2025
675 ## $a346.1(100)(043)$vBN$zpor$31992768
700 #1 $aLopes,$bJorge António Nunes$31292496
702 #1 $aCunha,$bLuís Pedro Chaves Rodrigues da$4727$3145882
801 #0 $aPT$bBN$gRPC
966 ## $b001$lBN$mFGMON$sS.C. 168757 V.$x1
966 ## $b001$lBN$mFGMON$sS.C. 168758 V.$x1
971 ## $cisantos$d20260316
972 ## $e0$z0$d20260409$vasantos
973 ## $cmlsousa$d20260320

OpendataBNP@bnportugal.pt | Mais informação sobre acesso aos dados BNP